Frontières italiennes. - Statistiques

Statistiques générales
  • Ce quiz a été pris 1 060 fois
  • Le résultat moyen est 6 sur 6
Statistiques - réponses
Longueur Pays frontalier % Correct
488 km France
100%
740 km Suisse
99%
430 km Autriche
91%
3,2 km Vatican
89%
39 km Saint Marin
87%
232 km Slovénie
87%
Aucun quiz correspondant
Distribution des résultats
% des personnes avec chaque résultat
Percentile par nombre de réponses
Votre historique - résultats
Vous n’avez pas pris ce quiz